Democratic Republic of the Congo First Level Subdivisions - Statistics

General Stats
  • This quiz has been taken 121 times
  • The average score is 12 of 26
Answer Stats
Provinces % Correct
Kinshasa
100%
North Kivu
57%
South Kivu
57%
Kongo Central
50%
Équateur
48%
Haut-Uele
48%
Kasaï
48%
Bas-Uele
45%
Haut-Katanga
45%
Kasaï-Central
45%
Tanganyika
45%
Haut-Lomami
43%
Kasaï-Oriental
43%
Lomami
43%
Lualaba
40%
Sankuru
40%
Tshopo
40%
Tshuapa
40%
Kwango
38%
North Ubangi
38%
South Ubangi
38%
Kwilu
36%
Ituri
33%
Mai-Ndombe
33%
Maniema
33%
Mongala
33%
No matching quizzes found
Score Distribution
Percent of People with Each Score
Percentile by Number Answered
Your Score History
You have not taken this quiz